| 000 | 01116cam a22002533a 4500 | ||
|---|---|---|---|
| 001 | 6179 | ||
| 003 | PGUSA | ||
| 005 | 20140828083129.0 | ||
| 008 | 041116s2004||||xxu|||||s|||||000 1 eng d | ||
| 040 |
_aPGUSA _beng |
||
| 042 | _adc | ||
| 050 | 4 | _aPS | |
| 100 | 1 |
_aParker, Gilbert, _d1862-1932 |
|
| 245 | 1 | 0 |
_aPierre and His People : _bTales of the Far North. Complete _h[electronic resource] / _cGilbert Parker |
| 260 |
_bProject Gutenberg, _c2004 |
||
| 505 | 0 | _aThe patrol of the Cypress Hills -- God's garrison -- A hazard of the North -- A prairie vagabond -- She of the Triple Chevron -- Three outlaws -- Shon McGann's tobogan ride -- Père Champagne -- The Scarlet Hunter -- The stone -- The tall master -- The crimson flag -- The flood -- In Pipi Valley -- Antoine and Angelique -- The cipher -- A tragedy of nobodies -- A sanctuary of the plains. | |
| 506 | _aPublic domain in the USA. | ||
| 516 | _aElectronic text | ||
| 653 | _aShort stories, Canadian | ||
| 653 | _aCanada, Northern -- Fiction | ||
| 830 | 0 |
_aProject Gutenberg _v6179 |
|
| 856 | 4 | 0 | _uhttp://www.gutenberg.org/ebooks/6179 |
| 942 | _cEB | ||
| 999 |
_c235502 _d235502 |
||